000 00263nam a2200109Ia 4500
008 190914s9999||||xx |||||||||||||| ||und||
100 _aIan Sommerville
245 0 _aSoftware Engineering
260 _aLondon
_bWorld Scientific
_c1999
300 _a176
942 _cBK
999 _c8557
_d8557